| 000 | 01121cam a2200325 a 4500 | ||
|---|---|---|---|
| 001 | 2259 | ||
| 005 | 20231114085240.0 | ||
| 020 | _a0448417286 | ||
| 020 | _a0448415933 | ||
| 020 | _a9780439626538 | ||
| 040 |
_aDLC _cDLC _dDLC _beng |
||
| 050 | 0 | 0 |
_aPZ7.M47879 _bRe 1997 |
| 082 | 0 | 0 |
_a810 _221 |
| 100 | 1 | _aMcMullan, Kate | |
| 245 | 1 | 0 |
_aRevenge of the dragon lady / _cby K.H. McMullan ; illustrated by Bill Basso. |
| 250 | _aFirst Scholastic printing, January 2004 | ||
| 260 |
_aNew York : _bScholastic, _c1997 |
||
| 300 |
_a108 pages : _billustrations _c19 cm |
||
| 490 | 1 |
_aDragon Slayers' Academy ; _v2 |
|
| 505 | _aH | ||
| 520 | _aAfter accidentally killing a dragon, Wiglaf hopes his friends at Dragon Slayers' Academy will be able to help him prove himself a hero when he faces that dragon's mother, Seetha, the Beast of the East. | ||
| 521 |
_a460 _bLexile |
||
| 521 |
_aH _bRaz-Plus |
||
| 650 | 1 |
_aDragons _xFiction. |
|
| 650 | 1 |
_aSchools _xFiction. |
|
| 650 | 1 |
_aCourage _xFiction. |
|
| 700 | 1 |
_aBasso, Bill _eillustrator |
|
| 906 |
_a7 _bcbc _corignew _d1 _eocip _f19 _gy-gencatlg |
||
| 942 |
_2ddc _cBK _n0 |
||
| 999 |
_c2259 _d2259 |
||